Stabilita riešení dynamických systémov

Na minha lista:
Detalhes bibliográficos
Autor principal: Neštický, Martin, 1987- (Author)
Outros Autores: Palumbíny, Oleg (Thesis advisor)
Formato: Thesis Livro
Idioma:eslovaco
Publicado em: 2015
Assuntos:
Acesso em linha:http://is.stuba.sk/zp/portal_zp.pl?podrobnosti=101502
Tags: Adicionar Tag
Sem tags, seja o primeiro a adicionar uma tag!

MARC

LEADER 00000ntm a22000003a 4500
001 stuzp35718
003 SK-STU
005 20160719153001.1
007 ta
008 150427s2015----xo-----f-mn---000-0-slo-d
040 |a STU  |b slo 
041 0 |a slo 
100 1 |a Neštický, Martin,  |d 1987-  |u M6000  |4 aut  |r Z3  |9 100  |U MTF Materiálovotechnologická fakulta  |T MTF Ústav aplikovanej informatiky, automatizácie a mechatroniky  |X 48177  |U M6000  |Y 86  |7 A000048177 
242 0 1 |a Stability of solutions of dynamical systems  |y eng 
245 1 0 |a Stabilita riešení dynamických systémov 
260 |c 2015 
300 |a 75 s.,  |e 1 CD-ROM, autoreferát 
500 |a Študijný program: automatizácia a informatizácia procesov 
500 |a Číslo študijného odboru: 2621 
500 |a Názov študijného odboru: 5.2.14 automatizácia 
502 |a Dizertačná práca (PhD.) - STU MTF v Trnave UIAM, 2015 
650 4 |a kváziderivácia  |2 slo 
650 4 |a stabilita v Ľapunovovom zmysle  |2 slo 
650 4 |a asymptotická stabilita v Ľapunovovom zmysle  |2 slo 
650 4 |a nestabilita v Ľapunovovom zmysle  |2 slo 
650 4 |a nelineárny dynamický systém  |2 slo 
650 4 |a asymptotic stability in Lyapunov sense  |2 eng 
650 4 |a instability in Liapunov sense  |2 eng 
650 4 |a nonlinear dynamical systems  |2 eng 
650 4 |a quasi-derivative  |2 eng 
650 4 |a stability in Lyapunov sense  |2 eng 
700 1 |a Palumbíny, Oleg  |4 ths  |X 276  |7 A000000276 
856 4 |u http://is.stuba.sk/zp/portal_zp.pl?podrobnosti=101502 
996 |b .  |c M* DzP-470  |l MMSKP  |s P  |a 0  |w stuzp35718_0001 
SQL |a stuzp35718  |b DDZ  |c SLO  |d Stabilita riešení dynamických systémov  |e 48177  |f Neštický, Martin  |g 066000  |h 276  |i Palumbíny, Oleg  |j 20150827  |k 360  |l 06  |m http://is.stuba.sk/zp/portal_zp.pl?podrobnosti=101502  |n D-AIP  |o 5.2.14. automatizácia